| 000 | 00473nam a2200169 i 4500 | ||
|---|---|---|---|
| 001 | 38679 | ||
| 003 | ES-MaACL | ||
| 005 | 20231205191405.0 | ||
| 007 | t| | ||
| 008 | 030226s1960 sp ||||1| spa d | ||
| 100 | 1 |
_aCamón Aznar, José, _d1898-1979 _934095 |
|
| 245 | 1 | 3 |
_aLa divina tragedia / _cJosé Camón Aznar. |
| 260 |
_aMadrid : _bEspasa-Calpe, _c1960. |
||
| 300 |
_a122 p. ; _c22 cm. |
||
| 852 |
_aES-MaACL _jC-19038 _bR.46284 |
||
| 999 |
_c38679 _d38679 |
||